LEADER 01134nam a2200265 u 4500 001 000000031278 003 CaOOAMICUS 005 20070226112125.0 008 970930s1923 be b u000 u lat u 035 $a10771064 040 $aPUL(R)$bita 100 1 $aCamerlynck, Achille,$csac.,$dn. 1869.$0(OLS)http://pul/name/25003 245 10$aCommentarius in Actus Apostolorum :$bopera /$cA. Camerlynck ... et A. Vander Heeren .. 260 $aBrugis :$bCarolus Beyaert,$c1923. 300 $a422 p., [1] c. di tav. ripieg. :$bc. geogr. ;$c25 cm 500 $aIn testa al front.: Commentarii brugenses in S. Scripturam. 500 $a"Index rerum analyticus" : p. [13]-14. 504 $a"Index bibliographicus" : p. [9]-12. 700 1 $aHeeren, A. van der.$0(OLS)http://pul/name/25004 850 $aPUL 852 $aPUL$W1$xDP2 Religione 1$y63$m10 A 19$j43216$nBK-PRI$qStampati$B43216$CPULBib$Z2$F43216 $82 941 1 $a8 961 $aINV: Fondo mons. Cecchetti 68. 996 $6245$aCommentarius in Actus Apostolorum :$bopera$9(OLS)http://pul/title/43005 996 $6260$aBrugis :$bCarolus Beyaert$9(OLS)http://pul/publisher/61009 LEADER 01530nam a2200349 a 4500 001 000000140821 003 CaOOAMICUS 005 20141205130427.0 008 141205s2014 it 000 0 ita r 020 $a978-88-6879-028-8 040 $aPUL$bita 041 1 $aita$hger 082 04$a193.092 100 1 $aSpaemann, Robert,$d1927-$0(OLS)http://pul/name/15909 240 10$aUber Gott und die Welt.$lItaliano.$0(OLS)http://pul/title/178177 245 10$aDio e il mondo :$bun'autobiografia in forma di dialogo /$cRobert Spaemann ; a cura di Leonardo Allodi e Giacomo Miranda. 260 $aSiena :$bCantagalli,$cİ2014. 300 $a344 p. ;$c21 cm 490 1 $aCome se Dio fosse ;$v09 504 $aInclude riferimenti bibliografici ed indice. 650 4$aFilosofia tedesca$ySec. XX.$0(OLS)http://pul/subject/8341 700 1 $aAllodi, Leonardo,$d1956-$0(OLS)http://pul/name/41947 700 1 $aMiranda, Giacomo.$0(OLS)http://pul/name/88803 830 0$aCome se Dio fosse ;$v09.$0(OLS)http://pul/title/150537 850 $aPUL 852 $aPUL$W1$xSL Filosofia 3$y81$m193. 092 SPARO 3$j162577$qDDC 21$q $B162198$CPULBib$Z2$F162198 $H125058 $81 941 1 $a9 996 $6020$a978-88-6879-028-8$9(OLS)http://pul/number/156442 996 $6082$a193.092$9(OLS)http://pul/classification/2217 996 $6245$aDio e il mondo :$bun'autobiografia in forma di dialogo$9(OLS)http://pul/title/178178 996 $6260$aSiena :$bCantagalli$9(OLS)http://pul/publisher/48759